| 000 | 00548nam a2200193Ia 4500 | ||
|---|---|---|---|
| 005 | 20250326141738.0 | ||
| 008 | 250326s9999 xx 000 0 und d | ||
| 020 | _a92-2-106629-0 | ||
| 037 | _aTextbook | ||
| 040 |
_aFMSL _beng _cFMSL |
||
| 041 |
_aeng _2eng |
||
| 084 |
_aX9W.4 M7 _qFMSL |
||
| 100 |
_aEdgren G _9740500 |
||
| 245 | 0 |
_aGrowning sector : Studies of public sector employment in Asia _cEdgren G |
|
| 260 |
_aNew Delhi _bNew Delhi, ILO _c1988 |
||
| 300 | _a237p | ||
| 942 |
_cTB _hX9W.4 M7 |
||
| 999 |
_c1291770 _d1291770 |
||